| 000 | 00545nam a22001937a 4500 | ||
|---|---|---|---|
| 003 | OSt | ||
| 005 | 20180116183040.0 | ||
| 008 | 160222b xxu||||| |||| 00| 0 eng d | ||
| 020 | _a08-202-87-1 | ||
| 024 | _208-202-87-1 | ||
| 040 | _cLahore University of Management Sciences | ||
| 082 | _a174.4 LUM 1987 | ||
| 100 | _aJan-Erik Vahine | ||
| 245 |
_aORIENT MATCH COMPANY _c VAHLNE J E |
||
| 260 |
_aLahore _bLahore University of Management Sciences _c1987 |
||
| 300 |
_a8 p. _bPapers |
||
| 440 | _aORIENT MATCH COMPANY | ||
| 942 |
_2ddc _cCS |
||
| 999 |
_c351224 _d351224 |
||